000 00260nam a22001097a 4500
008 170116b xxu||||| |||| 00| 0 eng d
020 _a9780323007498
041 _aeng
080 _a618.2
245 _aCOMMUNITY&PUBLIC HEALTH NURSING
_cSTANHOPE
942 _2udc
_cBK
999 _c2918
_d2918